| 000 | 00874nam a22003017a 4500 | ||
|---|---|---|---|
| 001 | BR9101297 | ||
| 003 | BR-BrBNA | ||
| 005 | 20230928093536.0 | ||
| 007 | ta | ||
| 008 | 230509b bl.||||| |||| 00| 0 por d | ||
| 040 |
_aBR-BrBNA _bpor _cBiblioteca Nacional de Agricultura |
||
| 041 | _a(Por) | ||
| 072 |
_aQ02; U52 _b4690 |
||
| 090 | _ 4690 BR9101297 | ||
| 100 | 1 | _aDusi, D.A. | |
| 100 | 1 | _aDressler, A.A. | |
| 110 | 1 |
_aAssociacao de Credito e Assistencia Rural de Santa Catarina, Florianopolis (Brasil). Servico de Extensao Rural _9446 |
|
| 245 | 1 | _aOrientacoes sobre a construcao do secador de leito fixo | |
| 260 | 3 |
_aFlorianopolis, SC (Brasil): _c1988. |
|
| 300 | _a38 p. | ||
| 500 | _a20 illus. | ||
| 650 | _aALIMENTO | ||
| 650 | _aSECADOR | ||
| 650 | _aSECAGEM | ||
| 650 | _aMAQUINA AGRICOLA | ||
| 909 |
_a202309 _bLucia _c55 _dLucia Elande |
||
| 942 | _cBK | ||
| 999 |
_c45593 _d45593 |
||